000 00616nam a2200205Ia 4500
003 OSt
005 20250909115832.0
008 220930b |||||||| |||| 00| 0 eng d
020 _a8173153310
037 _cReference Collections
040 _aAL
_cAL
_beng
041 _2eng
_aeng
100 _aSavarkar Vinayak Damodar
_9820577
245 0 _aSavarkar Samagra
260 _aNew Delhi
_bPrabhat Prakashan India
_c2003
300 _avp
_ccm.
650 _aHISTORY
_9820578
942 _hV2:51xM83, P3.6-.10(RR)
_cref
_2CC
_n0
999 _c909427
_d909427